00583nam a22001815i 450000100060000000300090000600500170001500700030003200800410003504000200007610000300009624500580012626000810018430000390026550000490030465100250035385200230037854934ES-MaACL20250825224016.0t|960731q18801900sp ||||1| spa d aCAM bspa cCAM1 aGarcía Al-Deguer, Juan.10aHistoria de la Argentina / cJuan García Al-Deguer. aMadrid : bLa España Editorial, c[18--?] (fImprenta de Felipe Marqués) a2 v. (VII, 261; 271 p.) ; c18 cm. aLa España Editorial publica ca. 1880-1900. 4aArgentina-xHistoria aES-MaACLjD-2547-8